[Event "DEM U10 2024"]
[Site "Willingen GER"]
[Date "2024.05.21"]
[Round "5"]
[White "Sander, Tino"]
[Black "Bergmann, Rafael Antonio"]
[Result "1-0"]
[Termination "normal"]
[Board "10"]
[WhiteElo "1724"]
[BlackElo "1776"]
[WhiteClock "00:09:25"]
[BlackClock "00:28:20"]
[PlyCount "113"]
[WhiteFideId "34636110"]
[BlackFideId "34635076"]
[EventCountry "GER"]
[EventRounds "11"]
[EventType "swiss"]
[EventDate "2024.05.18"]

1. e4 {[%clk 01:15:58]} {[%emt 00:00:01]} e5 {[%clk 01:15:54]} {[%emt
00:00:06]} 2. Nf3 {[%clk 01:16:23]} {[%emt 00:00:05]} Nc6 {[%clk 01:16:18]}
{[%emt 00:00:06]} 3. Bc4 {[%clk 01:16:46]} {[%emt 00:00:06]} Bc5 {[%clk
01:16:41]} {[%emt 00:00:08]} 4. c3 {[%clk 01:17:11]} {[%emt 00:00:06]} Nf6
{[%clk 01:17:05]} {[%emt 00:00:06]} 5. d4 {[%clk 01:17:35]} {[%emt 00:00:06]}
exd4 {[%clk 01:17:28]} {[%emt 00:00:07]} 6. b4 {[%emt 00:00:08]} Bd6 {[%clk
01:15:54]} {[%emt 00:02:02]} 7. b5 {[%clk 01:07:04]} {[%emt 00:11:25]} Na5
{[%clk 01:10:03]} {[%emt 00:06:20]} 8. Bd3 {[%clk 01:06:29]} {[%emt 00:01:05]}
O-O {[%clk 01:05:26]} {[%emt 00:05:07]} 9. O-O {[%clk 00:56:58]} {[%emt
00:10:01]} Be7 {[%clk 01:00:30]} {[%emt 00:05:25]} 10. cxd4 {[%clk 00:56:00]}
{[%emt 00:01:29]} d5 {[%clk 00:57:41]} {[%emt 00:03:20]} 11. e5 {[%clk
00:54:02]} {[%emt 00:02:28]} Ne4 {[%clk 00:56:34]} {[%emt 00:01:36]} 12. Qe1
{[%clk 00:44:52]} {[%emt 00:09:40]} b6 {[%clk 00:55:28]} {[%emt 00:01:37]} 13.
Bxe4 {[%clk 00:39:19]} {[%emt 00:06:03]} dxe4 {[%clk 00:55:48]} {[%emt
00:00:10]} 14. Qxe4 {[%clk 00:39:35]} {[%emt 00:00:13]} Qd7 {[%clk 00:53:20]}
{[%emt 00:02:59]} 15. Nbd2 {[%clk 00:28:57]} {[%emt 00:11:07]} Qxb5 {[%clk
00:47:26]} {[%emt 00:06:24]} 16. Rb1 {[%clk 00:18:13]} {[%emt 00:11:14]} Qc6
{[%clk 00:46:26]} {[%emt 00:01:29]} 17. Qxc6 {[%clk 00:17:26]} {[%emt
00:01:17]} Nxc6 {[%clk 00:46:48]} {[%emt 00:00:09]} 18. Bb2 {[%clk 00:16:59]}
{[%emt 00:00:57]} Nb4 {[%clk 00:45:33]} {[%emt 00:01:44]} 19. Ba3 {[%clk
00:12:57]} {[%emt 00:04:33]} Nd5 {[%clk 00:45:57]} {[%emt 00:00:06]} 20. Bxe7
{[%clk 00:13:16]} {[%emt 00:00:11]} Nxe7 {[%clk 00:46:21]} {[%emt 00:00:06]}
21. Rfc1 {[%clk 00:13:22]} {[%emt 00:00:24]} Bf5 {[%clk 00:45:15]} {[%emt
00:01:37]} 22. Rb5 {[%clk 00:11:03]} {[%emt 00:02:47]} c6 {[%clk 00:44:52]}
{[%emt 00:00:55]} 23. Rb3 {[%clk 00:11:07]} {[%emt 00:00:22]} Rac8 {[%clk
00:42:08]} {[%emt 00:03:16]} 24. Nc4 {[%clk 00:10:34]} {[%emt 00:01:04]} Be6
{[%clk 00:41:16]} {[%emt 00:01:22]} 25. Nd6 {[%clk 00:06:08]} {[%emt 00:04:56]}
Bxb3 {[%clk 00:41:36]} {[%emt 00:00:10]} 26. Nxc8 {[%clk 00:06:31]} {[%emt
00:00:07]} Rxc8 {[%clk 00:41:57]} {[%emt 00:00:09]} 27. axb3 {[%clk 00:06:53]}
{[%emt 00:00:09]} Nd5 {[%clk 00:40:37]} {[%emt 00:01:49]} 28. Nd2 {[%clk
00:06:46]} {[%emt 00:00:37]} Nf4 {[%clk 00:39:39]} {[%emt 00:01:28]} 29. Kf1
{[%clk 00:06:35]} {[%emt 00:00:42]} c5 {[%clk 00:34:33]} {[%emt 00:05:35]} 30.
Ne4 {[%clk 00:05:30]} {[%emt 00:01:35]} Ne6 {[%clk 00:33:05]} {[%emt 00:01:57]}
31. dxc5 {[%clk 00:03:04]} {[%emt 00:02:57]} Nxc5 {[%clk 00:32:56]} {[%emt
00:00:39]} 32. b4 {[%clk 00:03:07]} {[%emt 00:00:28]} Kf8 {[%clk 00:31:06]}
{[%emt 00:02:18]} 33. bxc5 {[%clk 00:03:29]} {[%emt 00:00:10]} bxc5 {[%clk
00:31:30]} {[%emt 00:00:06]} 34. Rxc5 {[%clk 00:03:51]} {[%emt 00:00:08]} Rxc5
{[%clk 00:31:52]} {[%emt 00:00:08]} 35. Nxc5 {[%clk 00:04:16]} {[%emt
00:00:05]} Ke7 {[%clk 00:32:06]} {[%emt 00:00:16]} 36. Ke2 {[%clk 00:04:36]}
{[%emt 00:00:09]} g5 {[%clk 00:30:13]} {[%emt 00:02:22]} 37. g3 {[%clk
00:04:57]} {[%emt 00:00:11]} a5 {[%clk 00:29:22]} {[%emt 00:01:21]} 38. Kd3
{[%clk 00:05:20]} {[%emt 00:00:06]} f5 {[%clk 00:26:42]} {[%emt 00:03:11]} 39.
f4 {[%clk 00:05:37]} {[%emt 00:00:13]} h6 {[%clk 00:24:18]} {[%emt 00:02:52]}
40. Kc4 {[%clk 00:05:58]} {[%emt 00:00:10]} Ke8 {[%clk 00:23:08]} {[%emt
00:01:39]} 41. Kd5 {[%clk 00:05:30]} {[%emt 00:00:58]} Ke7 {[%clk 00:23:26]}
{[%emt 00:00:13]} 42. e6 {[%clk 00:05:39]} {[%emt 00:00:21]} gxf4 {[%clk
00:23:32]} {[%emt 00:00:23]} 43. gxf4 {[%clk 00:05:22]} {[%emt 00:00:48]} h5
{[%clk 00:23:50]} {[%emt 00:00:13]} 44. Ke5 {[%clk 00:05:35]} {[%emt 00:00:17]}
a4 {[%clk 00:24:04]} {[%emt 00:00:16]} 45. Nxa4 {[%clk 00:05:52]} {[%emt
00:00:12]} h4 {[%clk 00:24:29]} {[%emt 00:00:05]} 46. h3 {[%clk 00:06:17]}
{[%emt 00:00:05]} Ke8 {[%clk 00:24:50]} {[%emt 00:00:09]} 47. Kd6 {[%clk
00:06:41]} {[%emt 00:00:06]} Kd8 {[%clk 00:25:10]} {[%emt 00:00:11]} 48. e7+
{[%clk 00:07:05]} {[%emt 00:00:06]} Ke8 {[%clk 00:25:28]} {[%emt 00:00:11]} 49.
Nb2 {[%clk 00:07:29]} {[%emt 00:00:06]} Kf7 {[%clk 00:25:53]} {[%emt 00:00:05]}
50. Kd7 {[%clk 00:07:54]} {[%emt 00:00:05]} Kg7 {[%clk 00:26:13]} {[%emt
00:00:10]} 51. e8=Q {[%clk 00:08:08]} {[%emt 00:00:17]} Kh6 {[%clk 00:26:34]}
{[%emt 00:00:08]} 52. Qf8+ {[%clk 00:08:18]} {[%emt 00:00:14]} Kg6 {[%clk
00:26:56]} {[%emt 00:00:14]} 53. Ke6 {[%clk 00:08:10]} {[%emt 00:00:37]} Kh7
{[%clk 00:27:12]} {[%emt 00:00:16]} 54. Qxf5+ {[%clk 00:08:30]} {[%emt
00:00:10]} Kh8 {[%clk 00:27:35]} {[%emt 00:00:06]} 55. Qg4 {[%clk 00:08:52]}
{[%emt 00:00:06]} Kh7 {[%clk 00:27:55]} {[%emt 00:00:12]} 56. Kf7 {[%clk
00:09:11]} {[%emt 00:00:09]} Kh8 {[%clk 00:28:20]} {[%emt 00:00:07]} 57. Qg8+
{[%clk 00:09:25]} {[%emt 00:00:16]} 1-0

[Event "DEM U10 2024"]
[Site "Willingen GER"]
[Date "2024.05.21"]
[Round "5"]
[White "Shivkumar, Shreyas"]
[Black "Jung, Michael"]
[Result "1-0"]
[Termination "normal"]
[Board "11"]
[WhiteElo "1728"]
[BlackElo "1363"]
[WhiteClock "01:02:18"]
[BlackClock "00:25:30"]
[PlyCount "107"]
[WhiteFideId "34638407"]
[BlackFideId "34673873"]
[EventCountry "GER"]
[EventRounds "11"]
[EventType "swiss"]
[EventDate "2024.05.18"]

1. e4 {[%clk 01:16:00]} {[%emt 00:15:45]} c5 {[%clk 01:15:53]} {[%emt
00:00:07]} 2. Nc3 {[%clk 01:16:23]} {[%emt 00:00:05]} d6 {[%clk 01:16:19]}
{[%emt 00:00:06]} 3. f4 {[%clk 01:16:49]} {[%emt 00:00:04]} Nc6 {[%clk
01:16:21]} {[%emt 00:00:27]} 4. Nf3 {[%clk 01:17:13]} {[%emt 00:00:06]} Bg4
{[%clk 01:16:22]} {[%emt 00:00:29]} 5. Bb5 {[%clk 01:17:06]} {[%emt 00:00:38]}
Qc7 {[%clk 01:15:13]} {[%emt 00:01:39]} 6. O-O {[%clk 01:17:06]} {[%emt
00:00:30]} a6 {[%clk 01:14:20]} {[%emt 00:01:23]} 7. Nd5 {[%clk 01:17:26]}
{[%emt 00:00:09]} Qb8 {[%clk 01:12:39]} {[%emt 00:02:11]} 8. Bxc6+ {[%clk
01:17:27]} {[%emt 00:00:29]} bxc6 {[%clk 01:12:39]} {[%emt 00:00:31]} 9. Ne3
{[%clk 01:17:41]} {[%emt 00:00:15]} Bd7 {[%clk 01:10:56]} {[%emt 00:02:13]} 10.
d3 {[%clk 01:17:12]} {[%emt 00:00:59]} e6 {[%clk 01:08:42]} {[%emt 00:02:44]}
11. Qe1 {[%clk 01:16:31]} {[%emt 00:01:11]} a5 {[%clk 01:05:47]} {[%emt
00:03:26]} 12. Bd2 {[%clk 01:13:34]} {[%emt 00:03:26]} Qa7 {[%clk 01:02:49]}
{[%emt 00:03:28]} 13. Kh1 {[%clk 01:13:50]} {[%emt 00:00:14]} d5 {[%clk
01:01:33]} {[%emt 00:01:46]} 14. exd5 {[%clk 01:13:38]} {[%emt 00:00:42]} cxd5
{[%clk 01:01:29]} {[%emt 00:00:35]} 15. Nxd5 {[%clk 01:13:48]} {[%emt
00:00:20]} Ne7 {[%clk 01:00:40]} {[%emt 00:01:18]} 16. Nc3 {[%clk 01:13:33]}
{[%emt 00:00:45]} Nc6 {[%clk 00:56:06]} {[%emt 00:05:04]} 17. Qg3 {[%clk
01:13:33]} {[%emt 00:00:18]} g6 {[%clk 00:56:00]} {[%emt 00:00:48]} 18. Ne4
{[%clk 01:13:41]} {[%emt 00:00:22]} Bg7 {[%clk 00:55:07]} {[%emt 00:01:24]} 19.
Nd6+ {[%clk 01:14:00]} {[%emt 00:00:10]} Kf8 {[%clk 00:54:42]} {[%emt
00:00:56]} 20. Ne5 {[%clk 01:14:21]} {[%emt 00:00:08]} Nxe5 {[%clk 00:54:49]}
{[%emt 00:00:23]} 21. fxe5 {[%clk 01:14:42]} {[%emt 00:00:09]} Be8 {[%clk
00:54:51]} {[%emt 00:00:28]} 22. Rf3 {[%clk 01:14:32]} {[%emt 00:00:39]} Rd8
{[%clk 00:54:06]} {[%emt 00:01:16]} 23. Bh6 {[%clk 01:12:41]} {[%emt 00:02:21]}
Qc7 {[%clk 00:45:57]} {[%emt 00:08:39]} 24. Qh4 {[%clk 01:12:42]} {[%emt
00:00:24]} Rg8 {[%clk 00:45:22]} {[%emt 00:01:10]} 25. Raf1 {[%clk 01:12:26]}
{[%emt 00:00:47]} Rd7 {[%clk 00:44:26]} {[%emt 00:01:25]} 26. Rf6 {[%clk
01:10:47]} {[%emt 00:02:08]} Re7 {[%clk 00:43:18]} {[%emt 00:01:39]} 27. Bxg7+
{[%clk 01:05:30]} {[%emt 00:05:48]} Rxg7 {[%clk 00:42:51]} {[%emt 00:00:55]}
28. Qe4 {[%clk 01:05:16]} {[%emt 00:00:45]} Bc6 {[%clk 00:42:05]} {[%emt
00:01:17]} 29. Qc4 {[%clk 01:05:11]} {[%emt 00:00:35]} Bd5 {[%clk 00:40:55]}
{[%emt 00:01:40]} 30. Qa6 {[%clk 01:03:10]} {[%emt 00:02:31]} h5 {[%clk
00:38:08]} {[%emt 00:03:16]} 31. R1f4 {[%clk 01:02:56]} {[%emt 00:00:44]} Kg8
{[%clk 00:37:38]} {[%emt 00:01:00]} 32. Ra4 {[%emt 00:00:41]} Qc6 {[%clk
00:36:50]} {[%emt 00:01:16]} 33. Qxc6 {[%clk 01:02:35]} {[%emt 00:00:42]} Bxc6
{[%clk 00:37:06]} {[%emt 00:00:14]} 34. Rxa5 {[%clk 01:03:01]} {[%emt
00:00:05]} h4 {[%clk 00:36:35]} {[%emt 00:01:01]} 35. Rxc5 {[%clk 01:02:38]}
{[%emt 00:00:52]} Bd5 {[%clk 00:36:12]} {[%emt 00:00:53]} 36. c4 {[%clk
01:02:51]} {[%emt 00:00:17]} Bb7 {[%clk 00:36:34]} {[%emt 00:00:08]} 37. Rb5
{[%clk 01:00:53]} {[%emt 00:02:29]} Bc6 {[%clk 00:35:56]} {[%emt 00:01:07]} 38.
Rb6 {[%clk 01:01:18]} {[%emt 00:00:06]} Rc7 {[%clk 00:35:18]} {[%emt 00:01:07]}
39. Nb5 {[%clk 01:01:12]} {[%emt 00:00:36]} Bxb5 {[%clk 00:30:57]} {[%emt
00:04:52]} 40. Rxb5 {[%clk 01:01:34]} {[%emt 00:00:07]} Rd7 {[%clk 00:30:27]}
{[%emt 00:01:00]} 41. Rb3 {[%clk 01:01:59]} {[%emt 00:00:06]} Rd4 {[%clk
00:30:32]} {[%emt 00:00:25]} 42. c5 {[%clk 01:02:00]} {[%emt 00:00:29]} Rh7
{[%clk 00:30:46]} {[%emt 00:00:14]} 43. c6 {[%clk 01:01:57]} {[%emt 00:00:34]}
Rd5 {[%clk 00:31:07]} {[%emt 00:00:10]} 44. c7 {[%clk 01:02:10]} {[%emt
00:00:18]} Rxe5 {[%clk 00:31:18]} {[%emt 00:00:18]} 45. c8=Q+ {[%clk 01:02:31]}
{[%emt 00:00:08]} Kg7 {[%clk 00:31:39]} {[%emt 00:00:09]} 46. Rf1 {[%clk
01:02:36]} {[%emt 00:00:25]} Rhh5 {[%clk 00:31:50]} {[%emt 00:00:19]} 47. Rb7
{[%clk 01:02:40]} {[%emt 00:00:27]} Rhf5 {[%clk 00:30:43]} {[%emt 00:01:36]}
48. Qc1 {[%clk 01:01:38]} {[%emt 00:01:31]} g5 {[%emt 00:01:35]} 49. Rxf5
{[%clk 01:01:44]} {[%emt 00:00:02]} Rxf5 {[%clk 00:30:22]} {[%emt 00:00:09]}
50. h3 {[%clk 01:01:57]} {[%emt 00:00:17]} Rd5 {[%clk 00:30:16]} {[%emt
00:00:36]} 51. Qc3+ {[%clk 01:01:39]} {[%emt 00:00:49]} Kg6 {[%clk 00:28:45]}
{[%emt 00:02:01]} 52. Rb8 {[%clk 01:01:55]} {[%emt 00:00:14]} Rf5 {[%clk
00:28:45]} {[%emt 00:00:30]} 53. Rg8+ {[%clk 01:01:59]} {[%emt 00:00:26]} Kh5
{[%clk 00:25:30]} {[%emt 00:03:45]} 54. Qh8# {[%clk 01:02:18]} {[%emt
00:00:11]} 1-0

[Event "DEM U10 2024"]
[Site "Willingen GER"]
[Date "2024.05.21"]
[Round "5"]
[White "Fabritius, Wolf"]
[Black "Zielke, Mika"]
[Result "0-1"]
[Termination "normal"]
[Board "12"]
[WhiteElo "1426"]
[BlackElo "1589"]
[WhiteClock "00:42:26"]
[BlackClock "00:18:34"]
[PlyCount "76"]
[WhiteFideId "34632603"]
[BlackFideId "34661816"]
[EventCountry "GER"]
[EventRounds "11"]
[EventType "swiss"]
[EventDate "2024.05.18"]

1. e4 {[%clk 01:15:59]} e5 {[%clk 01:15:51]} {[%emt 00:00:09]} 2. Nf3 {[%clk
01:16:22]} {[%emt 00:00:08]} Nc6 {[%clk 01:15:55]} {[%emt 00:00:26]} 3. d4
{[%clk 01:16:44]} {[%emt 00:00:07]} exd4 {[%clk 01:16:13]} {[%emt 00:00:12]} 4.
Nxd4 {[%clk 01:17:07]} {[%emt 00:00:08]} Nf6 {[%clk 01:16:19]} {[%emt
00:00:23]} 5. Nxc6 {[%clk 01:17:11]} {[%emt 00:00:26]} bxc6 {[%clk 01:16:42]}
{[%emt 00:00:08]} 6. Bd3 {[%clk 01:17:33]} {[%emt 00:00:08]} Bc5 {[%clk
01:15:08]} {[%emt 00:02:04]} 7. O-O {[%clk 01:17:49]} {[%emt 00:00:14]} h6
{[%clk 01:13:46]} {[%emt 00:01:52]} 8. Nc3 {[%clk 01:18:08]} {[%emt 00:00:10]}
O-O {[%clk 01:14:00]} {[%emt 00:00:16]} 9. Bf4 {[%clk 01:18:18]} {[%emt
00:00:21]} d6 {[%clk 01:13:18]} {[%emt 00:01:11]} 10. h3 {[%clk 01:17:08]}
{[%emt 00:01:40]} Re8 {[%clk 01:10:17]} {[%emt 00:03:30]} 11. Qf3 {[%clk
01:15:08]} {[%emt 00:02:32]} Bb7 {[%clk 01:07:10]} {[%emt 00:03:36]} 12. Rfe1
{[%clk 01:13:03]} {[%emt 00:02:36]} Qe7 {[%clk 01:01:12]} {[%emt 00:06:25]} 13.
Re2 {[%clk 01:09:03]} {[%emt 00:04:32]} Bd4 {[%clk 00:58:57]} {[%emt 00:02:44]}
14. Rb1 {[%clk 01:01:51]} {[%emt 00:07:44]} Nd7 {[%clk 00:52:12]} {[%emt
00:07:14]} 15. Qg3 {[%clk 00:58:05]} {[%emt 00:04:16]} Be5 {[%clk 00:44:55]}
{[%emt 00:07:48]} 16. Bxe5 {[%clk 00:54:05]} {[%emt 00:04:30]} Nxe5 {[%clk
00:45:00]} {[%emt 00:00:25]} 17. Rd1 {[%clk 00:52:51]} {[%emt 00:01:43]} Nxd3
{[%clk 00:45:04]} {[%emt 00:00:26]} 18. Rxd3 {[%clk 00:53:04]} {[%emt
00:00:18]} Ba6 {[%clk 00:44:54]} {[%emt 00:00:40]} 19. Rde3 {[%clk 00:52:31]}
{[%emt 00:01:03]} Bxe2 {[%clk 00:45:09]} {[%emt 00:00:14]} 20. Nxe2 {[%clk
00:52:56]} {[%emt 00:00:06]} Rab8 {[%clk 00:45:21]} {[%emt 00:00:18]} 21. b3
{[%clk 00:53:17]} {[%emt 00:00:09]} Qg5 {[%clk 00:44:39]} {[%emt 00:01:11]} 22.
Qf3 {[%clk 00:53:16]} {[%emt 00:00:32]} Re7 {[%clk 00:42:54]} {[%emt 00:02:13]}
23. Nd4 {[%clk 00:53:02]} {[%emt 00:00:46]} Qc5 {[%clk 00:42:34]} {[%emt
00:00:47]} 24. Nf5 {[%clk 00:52:24]} {[%emt 00:01:10]} Re6 {[%clk 00:38:21]}
{[%emt 00:04:39]} 25. Qg4 {[%clk 00:51:27]} {[%emt 00:01:33]} Qe5 {[%clk
00:31:02]} {[%emt 00:07:48]} 26. f4 {[%clk 00:43:55]} {[%emt 00:08:01]} Qa1+
{[%clk 00:24:21]} {[%emt 00:07:11]} 27. Kh2 {[%clk 00:44:10]} {[%emt 00:00:15]}
Kf8 {[%clk 00:24:32]} {[%emt 00:00:17]} 28. Rg3 {[%clk 00:43:00]} {[%emt
00:01:42]} Rg6 {[%clk 00:22:44]} {[%emt 00:02:18]} 29. Qh4 {[%clk 00:43:18]}
{[%emt 00:00:13]} Qf6 {[%clk 00:20:17]} {[%emt 00:02:56]} 30. Rxg6 {[%clk
00:40:08]} {[%emt 00:03:40]} fxg6 {[%clk 00:18:56]} {[%emt 00:01:51]} 31. Qxf6+
{[%clk 00:40:10]} {[%emt 00:00:28]} gxf6 {[%clk 00:19:24]} {[%emt 00:00:02]}
32. Nxh6 {[%clk 00:40:25]} {[%emt 00:00:16]} Rb4 {[%clk 00:19:09]} {[%emt
00:00:44]} 33. Ng4 {[%clk 00:40:41]} {[%emt 00:00:15]} Rxe4 {[%clk 00:18:25]}
{[%emt 00:01:13]} 34. Nxf6 {[%clk 00:41:05]} {[%emt 00:00:07]} Rxf4 {[%clk
00:18:44]} {[%emt 00:00:11]} 35. Nd7+ {[%clk 00:41:21]} {[%emt 00:00:13]} Ke7
{[%clk 00:19:03]} {[%emt 00:00:10]} 36. Nb8 {[%clk 00:41:44]} {[%emt 00:00:08]}
c5 {[%clk 00:18:23]} {[%emt 00:01:11]} 37. Nc6+ {[%clk 00:42:10]} {[%emt
00:00:04]} Kd7 {[%clk 00:18:34]} {[%emt 00:00:18]} 38. Nxa7 {[%clk 00:42:26]}
{[%emt 00:00:14]} Rf2 {[%emt 00:00:19]} 0-1

[Event "DEM U10 2024"]
[Site "Willingen GER"]
[Date "2024.05.21"]
[Round "5"]
[White "Cremann, Jannis"]
[Black "Menke, Xaver Louis"]
[Result "1-0"]
[Termination "normal"]
[Board "13"]
[WhiteElo "1633"]
[BlackElo "1324"]
[WhiteClock "01:03:43"]
[BlackClock "00:46:04"]
[PlyCount "69"]
[WhiteFideId "34660178"]
[BlackFideId "34663134"]
[EventCountry "GER"]
[EventRounds "11"]
[EventType "swiss"]
[EventDate "2024.05.18"]

1. c4 {[%clk 01:15:57]} {[%emt 00:00:03]} e5 {[%clk 01:14:59]} {[%emt
00:01:00]} 2. g3 {[%clk 01:16:00]} {[%emt 00:00:28]} Nc6 {[%clk 01:14:29]}
{[%emt 00:00:59]} 3. Bg2 {[%clk 01:16:05]} {[%emt 00:00:26]} Nf6 {[%clk
01:13:46]} {[%emt 00:01:13]} 4. Nc3 {[%clk 01:16:01]} {[%emt 00:00:33]} Bc5
{[%clk 01:12:27]} {[%emt 00:01:50]} 5. e3 {[%clk 01:15:53]} {[%emt 00:00:39]}
a6 {[%clk 01:11:20]} {[%emt 00:01:37]} 6. Nge2 {[%clk 01:15:51]} {[%emt
00:00:32]} d6 {[%clk 01:10:42]} {[%emt 00:01:08]} 7. O-O {[%clk 01:15:27]}
{[%emt 00:00:54]} Be6 {[%clk 01:09:55]} {[%emt 00:01:16]} 8. d4 {[%clk
01:14:30]} {[%emt 00:01:28]} exd4 {[%clk 01:01:17]} {[%emt 00:09:09]} 9. exd4
{[%clk 01:13:53]} {[%emt 00:01:06]} Nxd4 {[%clk 00:58:52]} {[%emt 00:02:55]}
10. Nxd4 {[%clk 01:12:19]} {[%emt 00:02:03]} Rb8 {[%clk 00:57:59]} {[%emt
00:01:24]} 11. Re1 {[%clk 01:11:49]} {[%emt 00:01:00]} Bxd4 {[%clk 00:57:37]}
{[%emt 00:00:52]} 12. Qxd4 {[%clk 01:11:58]} {[%emt 00:00:21]} h6 {[%clk
00:56:38]} {[%emt 00:01:28]} 13. Bd5 {[%clk 01:10:58]} {[%emt 00:01:30]} Qd7
{[%clk 00:56:04]} {[%emt 00:01:05]} 14. Ne4 {[%clk 01:10:32]} {[%emt 00:00:56]}
Qe7 {[%clk 00:54:55]} {[%emt 00:01:36]} 15. Nxf6+ {[%clk 01:10:32]} {[%emt
00:00:32]} gxf6 {[%clk 00:51:58]} {[%emt 00:03:27]} 16. f4 {[%clk 01:10:08]}
{[%emt 00:00:55]} c6 {[%clk 00:51:47]} {[%emt 00:00:40]} 17. Bg2 {[%clk
01:09:18]} {[%emt 00:01:20]} Qc7 {[%clk 00:51:42]} {[%emt 00:00:35]} 18. f5
{[%clk 01:09:30]} {[%emt 00:00:18]} Qa5 {[%clk 00:52:00]} {[%emt 00:00:12]} 19.
Bxh6 {[%clk 01:08:29]} {[%emt 00:01:31]} Qxf5 {[%clk 00:51:38]} {[%emt
00:00:53]} 20. Bg7 {[%clk 01:08:13]} {[%emt 00:00:46]} Rg8 {[%clk 00:50:41]}
{[%emt 00:01:26]} 21. Bxf6 {[%clk 01:08:06]} {[%emt 00:00:37]} Kd7 {[%clk
00:50:38]} {[%emt 00:00:33]} 22. Be5 {[%clk 01:07:26]} {[%emt 00:01:10]} Ke8
{[%clk 00:49:50]} {[%emt 00:01:19]} 23. Qxd6 {[%clk 01:07:00]} {[%emt
00:00:56]} Rd8 {[%clk 00:49:35]} {[%emt 00:00:44]} 24. Qc7 {[%clk 01:06:51]}
{[%emt 00:00:40]} f6 {[%clk 00:47:13]} {[%emt 00:02:52]} 25. Bf4 {[%clk
01:05:44]} {[%emt 00:01:34]} Rd7 {[%clk 00:47:17]} {[%emt 00:00:28]} 26. Qb6
{[%clk 01:05:07]} {[%emt 00:01:07]} Qg4 {[%clk 00:46:42]} {[%emt 00:01:06]} 27.
Qe3 {[%clk 01:03:00]} {[%emt 00:02:36]} Rgg7 {[%clk 00:46:00]} {[%emt
00:01:11]} 28. Qxe6+ {[%clk 01:02:14]} {[%emt 00:01:17]} Qxe6 {[%clk 00:46:14]}
{[%emt 00:00:16]} 29. Rxe6+ {[%clk 01:02:36]} {[%emt 00:00:09]} Kf7 {[%clk
00:46:08]} {[%emt 00:00:36]} 30. Rae1 {[%clk 01:02:33]} {[%emt 00:00:33]} a5
{[%clk 00:45:49]} {[%emt 00:00:49]} 31. Bd6 {[%clk 01:02:42]} {[%emt 00:00:20]}
Kg6 {[%clk 00:45:57]} {[%emt 00:00:22]} 32. c5 {[%clk 01:02:57]} {[%emt
00:00:16]} Rg8 {[%clk 00:46:03]} 33. Re7 {[%clk 01:03:12]} {[%emt 00:00:39]}
Rdd8 {[%clk 00:46:04]} 34. Rxb7 {[%clk 01:03:25]} {[%emt 00:00:46]} Ra8 {[%clk
00:46:04]} 35. Bxc6 {[%clk 01:03:43]} {[%emt 00:00:42]} 1-0